000 00420nam a22001817a 4500
999 _c11306
_d11306
003 OSt
008 220610b ||||| |||| 00| 0 eng d
020 _a9789332582705
082 _a005.74 ELF
100 _aELMASHRI, Ramez
245 _aFundamentals of Database System
250 _a1st
260 _aNoida
_bPearson
_c2022
300 _a1242
650 _aCSE
700 _aNAVATHE, Shamkant B.
942 _2ddc
_cBK